书目信息 |
| 题名: |
数学全真模拟经典400题
|
|
| 作者: | 李永乐 主编 | |
| 分册: | ||
| 出版信息: | 国家行政学院出版社 2006.08 |
|
| 页数: | 214页 | |
| 开本: | 20cm | |
| 丛书名: | 2007年李永乐·李正元考研数学9 | |
| 单 册: | ||
| 中图分类: | O13 | |
| 科图分类: | ||
| 主题词: | 高等数学 | |
| 电子资源: | ||
| ISBN: | 7-80140-174-3 | |
| 000 | 00657nam0 2200205 450 | |
| 001 | 0861103565 | |
| 005 | 20081017170029.75 | |
| 010 | @a7-80140-174-3@dCNY 22.00 | |
| 100 | @a20081017d2006 km y0chiy0120 ea | |
| 101 | 0 | @achi |
| 200 | 1 | @a数学全真模拟经典400题@Ashu xue quan zhen mo ni jing dian 400 ti@f李永乐等主编@Fli yong yue deng zhu bian |
| 210 | @c国家行政学院出版社@d2006.08 | |
| 215 | @a214页@d20cm | |
| 225 | 2 | @a2007年李永乐·李正元考研数学9 |
| 410 | 0 | @12001 @a2007年李永乐·李正元考研数学9 |
| 606 | 0 | @a高等数学 |
| 690 | @aO13@v4 | |
| 701 | 0 | @a李永乐@Ali yong yue@4主编 |
| 801 | 0 | @aCN@b平顶山工学院图书馆@c20081017 |
| 905 | @aZUCC@dO13@eL3202 | |
| 数学全真模拟经典400题/李永乐等主编.-国家行政学院出版社,2006.08 |
| 214页;20cm.-(2007年李永乐·李正元考研数学9) |
| ISBN 7-80140-174-3:CNY 22.00 |
| ● |
| 相关链接 |
|
|
|
正题名:数学全真模拟经典400题
索取号:O13/L3202
 
预约/预借
| 序号 | 登录号 | 条形码 | 馆藏地/架位号 | 状态 | 备注 |
| 1 | 453052 | 204530524 | 自科库401/ [索取号:O13/L3202] | 在馆 |